Journal of Vacuum Science and Technology B

Uložené v:
Podrobná bibliografia
Médium: Seriál
Vydavateľské údaje: 1998
Tagy: Pridať tag
Žiadne tagy, Buďte prvý, kto otaguje tento záznam!

MARC

LEADER 00000nas a22000003a 4500
001 stu67183
005 20141121235508.6
008 011106s1998----------------------------d
040 |a STU  |b slo 
041 0
245 |a Journal of Vacuum Science and Technology B 
260 |c 1998 
500 |a 1-6 
500 |a 6 
500 |a 1998 
773 0 |t Journal of Vacuum Science and Technology B :  |w stu_us_cat*stu60040  |x 1071-1023  |7 nnas 
996 |d Vol. 16, 1998  |v Vol. 16  |y 1998  |l EE0103  |s A  |a 24  |w stu67183_0001